Qara Studie zur türkischen Rechtssymbolik /

Elmentve itt :
Bibliográfiai részletek
Szerző: Pricak Omelân
Dokumentumtípus: Cikk
Megjelent: Maarif Basımevi İstanbul 1955
Sorozat:Zeki Velidi Togan'a armağan
Kulcsszavak:Névtan - török nyelvek, Török népek
Tárgyszavak:
Online Access:http://misc.bibl.u-szeged.hu/62007
LEADER 00818nab a2200241 i 4500
001 misc62007
005 20230301141415.0
008 230131s1955 hu o 0|| ger d
040 |a SZTE Miscellanea Repozitórium  |b hun 
041 |a ger 
041 |a tur 
100 1 |a Pricak Omelân 
245 1 0 |a Qara   |h [elektronikus dokumentum] :  |b Studie zur türkischen Rechtssymbolik /  |c  Pricak Omelân 
260 |a Maarif Basımevi  |b İstanbul  |c 1955 
300 |a 239-263  |c 24 cm 
300 |a 25 p.  |c 24 cm 
490 0 |a Zeki Velidi Togan'a armağan 
561 |a Németh Gyula hagyaték 
591 |a LOA 2903; NOA 4696 
650 4 |a Bölcsészettudományok 
650 4 |a Nyelvek és irodalom 
695 |a Névtan - török nyelvek, Török népek 
856 4 0 |u http://misc.bibl.u-szeged.hu/62007/1/4696_noa.pdf  |z Dokumentum-elérés